Обзоры финляндской печати

Доступно только в Электронных читальных залах Найти на картеНа карте
RUSMARC
00003633nmc2a2200000 x 450
0010cd434e2-2608-4976-aba4-7fe1f036374b
00520171213032231.0
100##$a20140505l19131913k l0rusy0189 ca
1010#$arus
102##$aRU
2001#$aОбзоры финляндской печати
$j1913 г.
251##$cДело
300##$aДело
801#0$aRU
$bРГИА
$c20140505
$gRCR
801#1$aRU
$bГлавНИВЦ
$c20140505
$2rusmarc
801#2$aRU
$bПБ им. Б.Н. Ельцина
$c20171213
$gRCR
$2rusmarc
850##$aРГИА
852##$aРГИА
$eФедеральное казенное учреждение "Российский государственный исторический архив" (РГИА)
$j410
$lо
937##$hРГИА
$d12097097
$aASBIBLIO_SCAN
462#0$1001c0aebd74-6096-49b1-b6be-ea214839d8aa
$12001
$aДоклады, обзоры и вырезки из русской и иностранной периодической печати
$1251
$cОпись
$1852
$j1
461#0$100170bfa5a4-889e-44db-9b74-75899b008a1e
$12001
$aОбзоры печати, выписки и вырезки из печати (коллекция)
$1251
$cФонд
$1852
$j1470
215##$a462 л.
$d36,5х26 см
371##$aДокумент не является опубликованным и широко распространяемым
105##$ay###
1222#$ad
035##$a0cd434e2-2608-4976-aba4-7fe1f036374b
856##$uhttp://readingroom.main.prlib.ru/item.aspx?id_node=n111643364&mode=full
Формат отображения